[Event "European Team Championship"]
[Site "Reykjavik ISL"]
[Date "2015.11.19"]
[EventDate "2015.11.13"]
[Round "6.3"]
[Result "1/2-1/2"]
[White "Sergei Tiviakov"]
[Black "Rauf Mamedov"]
[WhiteElo "2608"]
[BlackElo "2653"]
[PlyCount "138"]

1. e4 c5 2. Nf3 Nc6 3. Bb5 g6 4. Bxc6 dxc6 5. d3 Bg7 6. h3 Nf6
7. Nc3 O-O 8. Be3 c4 9. dxc4 Qa5 10. O-O Be6 11. Nd2 Nd7
12. Nb3 Qb4 13. Bd4 Bxd4 14. Qxd4 Qxc4 15. Rfd1 Qxd4 16. Nxd4
Rfd8 17. Nxe6 fxe6 18. Kf1 e5 19. Rd2 Nc5 20. Rad1 Rxd2
21. Rxd2 a5 22. Ke2 Kf7 23. Ke3 a4 24. Ne2 Ne6 25. h4 h6
26. Rd7 Nc5 27. Rd1 Ne6 28. Nc1 Kf6 29. c3 Nc5 30. f3 b5
31. Nd3 Nxd3 32. Rxd3 Ke6 33. Rd1 Rb8 34. Rd2 Rf8 35. g3 Rb8
36. f4 Rf8 37. Rh2 h5 38. Rf2 Rg8 39. Rf1 Rf8 40. Rd1 Rg8
41. Rf1 Rf8 42. b3 axb3 43. axb3 exf4+ 44. gxf4 Ra8 45. b4 Ra2
46. f5+ Kf6 47. fxg6+ Kxg6 48. Rg1+ Kh6 49. Kd4 Rh2 50. Kc5
Rxh4 51. Kxc6 Rg4 52. Rc1 Rg5 53. c4 bxc4 54. b5 Rg3 55. b6
Rb3 56. b7 c3 57. Kc7 Kg5 58. b8=Q Rxb8 59. Kxb8 Kf4 60. Re1
c2 61. Kc7 h4 62. e5 h3 63. Kd7 h2 64. Kxe7 Kf3 65. e6 Kg2
66. Re2+ Kf3 67. Re1 Kg2 68. Re2+ Kf3 69. Re1 Kg2 1/2-1/2

[Event "European Team Championship"]
[Site "Reykjavik ISL"]
[Date "2015.11.19"]
[EventDate "2015.11.13"]
[Round "6.4"]
[Result "1-0"]
[White "Hrant Melkumyan"]
[Black "Daniel Fridman"]
[WhiteElo "2632"]
[BlackElo "2627"]
[PlyCount "111"]

1. c4 e6 2. g3 d5 3. Bg2 Nf6 4. Nf3 Be7 5. O-O O-O 6. d4 dxc4
7. Ne5 Nc6 8. Nxc6 bxc6 9. Na3 Bxa3 10. bxa3 Ba6 11. Qd2 Rb8
12. Qa5 Qc8 13. a4 Rd8 14. Ba3 Rb6 15. Bc5 Rb2 16. e3 Nd7
17. Be7 Re8 18. Ba3 Rb6 19. Bc5 Rb2 20. Qc3 Qb7 21. Ba3 Rb6
22. Rad1 Nf6 23. e4 Qc8 24. Bc5 Rb7 25. Rfe1 Nd7 26. e5 Nb8
27. Be4 Rd8 28. g4 Nd7 29. Qh3 h6 30. Ba3 Nf8 31. g5 hxg5
32. Bxf8 Kxf8 33. Qh8+ Ke7 34. Qxg7 Rg8 35. Qf6+ Kf8 36. Bxc6
Rb8 37. d5 Rg6 38. Qh8+ Rg8 39. Qh6+ Rg7 40. Qh8+ Rg8 41. Qh6+
Rg7 42. Re3 c3 43. Rf3 Kg8 44. Rh3 Kf8 45. Qf6 exd5 46. Rh8+
Rg8 47. Qh6+ Ke7 48. Qf6+ Kf8 49. Rxg8+ Kxg8 50. Qxg5+ Kf8
51. Bxd5 Rb6 52. Be4 Ke8 53. Bf5 c2 54. Bxc2 Qb8 55. Bf5 Bc4
56. Qg8+ 1-0

[Event "European Team Championship"]
[Site "Reykjavik ISL"]
[Date "2015.11.19"]
[EventDate "2015.11.13"]
[Round "6.4"]
[Result "1/2-1/2"]
[White "Dennis Wagner"]
[Black "Karen H Grigoryan"]
[WhiteElo "2575"]
[BlackElo "2616"]
[PlyCount "121"]

1. d4 Nf6 2. c4 e6 3. g3 c5 4. Nf3 cxd4 5. Nxd4 d5 6. Bg2 e5
7. Nb3 d4 8. O-O Nc6 9. f4 e4 10. f5 a5 11. e3 d3 12. Nc3 Ne5
13. Nd2 Bd7 14. Ndxe4 Bc6 15. b3 a4 16. Rb1 a3 17. Nxf6+ gxf6
18. Bd2 Bb4 19. Bxc6+ bxc6 20. Ne4 Bxd2 21. Qxd2 h5 22. Rf4
Qe7 23. Qc3 Kf8 24. h3 c5 25. Rd1 Ra6 26. Kh2 Rg8 27. Rd2 Qc7
28. Kg2 Qc6 29. Kf2 Ra8 30. Qa1 Kg7 31. Nc3 Rad8 32. Qd1 Rh8
33. Rh4 Qd7 34. Rf4 Qc6 35. Qg1 Qa8 36. Ne4 Qc6 37. Qg2 Qc7
38. Qh1 Qc6 39. Qc1 Rde8 40. Nc3 Rd8 41. Ne4 Rde8 42. Nc3 Rd8
43. e4 Rd4 44. Qxa3 h4 45. gxh4 Rg8 46. Qc1 Qa8 47. Nd5 Qb8
48. Rd1 Kf8 49. Qd2 Qd6 50. h5 Rg5 51. h6 Rh5 52. Qa5 Rxd5
53. Qa8+ Ke7 54. Qxd5 Ng4+ 55. Kg3 Rxh3+ 56. Kxh3 Qxf4
57. Qxc5+ Ke8 58. Qc8+ Ke7 59. Qc5+ Ke8 60. Qb5+ Kf8 61. Qc5+
1/2-1/2

[Event "European Team Championship"]
[Site "Reykjavik ISL"]
[Date "2015.11.19"]
[EventDate "2015.11.13"]
[Round "6.5"]
[Result "1-0"]
[White "Zoltan Almasi"]
[Black "Aryan Tari"]
[WhiteElo "2689"]
[BlackElo "2532"]
[PlyCount "113"]

1. Nf3 d5 2. g3 g6 3. c4 dxc4 4. Na3 Bg7 5. Nxc4 Nc6 6. d3 e5
7. Bd2 Be6 8. Rc1 Nge7 9. Bg2 O-O 10. O-O h6 11. Qc2 Qd7
12. b4 b5 13. Na5 Nxa5 14. bxa5 c6 15. Bc3 Qc7 16. Qb2 f6
17. Bb4 Rfd8 18. Bxe7 Qxe7 19. Rxc6 Bd5 20. Nh4 e4 21. Bxe4
Bxc6 22. Bxc6 Rac8 23. Qxb5 Kh7 24. e4 Rb8 25. Qc4 Rb4 26. Qa6
Qc5 27. a3 Rbd4 28. Bd5 Rd6 29. Qb7 R6xd5 30. exd5 Qxd5
31. Qxa7 Rxd3 32. Qe7 Qd6 33. Qxd6 Rxd6 34. Rb1 Rd5 35. a6 Ra5
36. Rb6 Rxa3 37. Kg2 Ra5 38. Rd6 g5 39. Nf3 f5 40. Nd2 Ra4
41. Nb3 Ra3 42. Nc5 Bf8 43. Rd7+ Kg6 44. Ne6 Bb4 45. a7 Ra2
46. Kf1 Ra1+ 47. Ke2 Ra2+ 48. Kd3 Be1 49. f3 Bf2 50. Nd4 Bxd4
51. Kxd4 g4 52. fxg4 fxg4 53. Kc5 Kf5 54. Kb6 Ke6 55. Rd8 Rb2+
56. Kc5 Rc2+ 57. Kb4 1-0

[Event "European Team Championship"]
[Site "Reykjavik ISL"]
[Date "2015.11.19"]
[EventDate "2015.11.13"]
[Round "6.6"]
[Result "0-1"]
[White "Sabino Brunello"]
[Black "Francisco Vallejo Pons"]
[WhiteElo "2562"]
[BlackElo "2684"]
[PlyCount "112"]

1. d4 Nf6 2. c4 e6 3. Nf3 d5 4. Bg5 dxc4 5. Nc3 a6 6. e3 b5
7. a4 c6 8. axb5 cxb5 9. Bxf6 gxf6 10. Nxb5 axb5 11. Rxa8 Bb4+
12. Nd2 Bb7 13. Ra1 e5 14. Be2 exd4 15. O-O dxe3 16. Nf3 exf2+
17. Kh1 Qxd1 18. Raxd1 Bxf3 19. Bxf3 Be1 20. Rd5 b4 21. Rc5
Ke7 22. Rxc4 Nd7 23. Rc7 Rd8 24. g3 Kf8 25. Kg2 Ne5 26. Rc2 f5
27. h3 Rd4 28. Bb7 f4 29. gxf4 Rxf4 30. Re2 Nd3 31. Kg3 h5
32. Ba6 h4+ 33. Kg2 Nc5 34. Bb5 Ne4 35. Bd3 Ng5 36. Re3 Kg7
37. Bb5 Rf5 38. Bc4 Rf4 39. Bb5 f5 40. Bd3 Kf6 41. Bb5 Re4
42. Rd3 Ne6 43. Rxf2 Bxf2 44. Kxf2 Nd4 45. Ba6 Ke5 46. Rd2
Rf4+ 47. Kg2 Rf3 48. Bf1 f4 49. Rd1 Rb3 50. Rd2 Nf3 51. Re2+
Kf5 52. Rf2 Ng5 53. Kh2 Rf3 54. Rxf3 Nxf3+ 55. Kg2 Ke4 56. Kf2
Ng5 0-1

[Event "European Team Championship"]
[Site "Reykjavik ISL"]
[Date "2015.11.19"]
[EventDate "2015.11.13"]
[Round "6.6"]
[Result "1/2-1/2"]
[White "David Anton Guijarro"]
[Black "Danyyil Dvirnyy"]
[WhiteElo "2630"]
[BlackElo "2561"]
[PlyCount "119"]

1. Nf3 d5 2. d4 Nf6 3. c4 c6 4. e3 Bg4 5. h3 Bh5 6. g4 Bg6
7. Ne5 e6 8. Nd2 Nbd7 9. h4 dxc4 10. Nxg6 hxg6 11. g5 Nd5
12. Nxc4 Bb4+ 13. Bd2 Qe7 14. a3 Bxd2+ 15. Qxd2 N7b6 16. Ne5
Nd7 17. Nc4 N7b6 18. Ne5 Nd7 19. Nxd7 Qxd7 20. O-O-O O-O-O
21. Kb1 Kb8 22. Bg2 Qc7 23. Qe2 Ne7 24. h5 gxh5 25. Rxh5 a6
26. Rdh1 Rxh5 27. Qxh5 g6 28. Qh2 Nf5 29. Qxc7+ Kxc7 30. Kc2
Kd6 31. Kc3 Kc7 32. Rh7 Rd7 33. Rh8 Nd6 34. a4 a5 35. Ra8 b6
36. Rf8 Re7 37. Rh8 Re8 38. Rh1 Kd7 39. Kd3 Rc8 40. f4 Nf5
41. b3 Rb8 42. Rh7 Nd6 43. Be4 Rg8 44. Bf3 Rb8 45. Bd1 Ke7
46. Rh2 Kd7 47. e4 b5 48. Ra2 bxa4 49. Rxa4 Rb5 50. Bc2 c5
51. Kc3 cxd4+ 52. Kxd4 e5+ 53. fxe5 Nb7 54. Bd3 Rxb3 55. Bc4
Rb4 56. Rxb4 axb4 57. Bxf7 Nd8 58. Bxg6 Ne6+ 59. Kc4 Nxg5
60. Kxb4 1/2-1/2

[Event "European Team Championship"]
[Site "Reykjavik ISL"]
[Date "2015.11.19"]
[EventDate "2015.11.13"]
[Round "6.6"]
[Result "1-0"]
[White "Axel Rombaldoni"]
[Black "Ivan Salgado Lopez"]
[WhiteElo "2539"]
[BlackElo "2615"]
[PlyCount "101"]

1. d4 Nf6 2. c4 d6 3. Nc3 e5 4. e3 c6 5. Bd3 Be7 6. Nf3 Qc7
7. h3 O-O 8. g4 exd4 9. Nxd4 Re8 10. g5 Nfd7 11. f4 Nf8
12. Bd2 Na6 13. Qf3 Nb4 14. Bb1 Qb6 15. Na4 Qa6 16. b3 c5
17. Nb5 Bd8 18. a3 Nc6 19. O-O Ne7 20. Nac3 Bd7 21. Be4 Rb8
22. a4 Ba5 23. Rad1 Qb6 24. Be1 Red8 25. f5 d5 26. Nxd5 Nxd5
27. Bxa5 Qxa5 28. Bxd5 Bc6 29. e4 a6 30. Nc3 Qc7 31. Qf4 Qxf4
32. Rxf4 Nd7 33. g6 Ne5 34. gxf7+ Kf8 35. Kf2 Rd6 36. Ke3 Rh6
37. h4 Rd8 38. Rg1 Rdd6 39. Rg5 Nxf7 40. Bxf7 Kxf7 41. e5 Rd4
42. h5 Be8 43. Nd5 Kf8 44. f6 gxf6 45. Nxf6 Rxf4 46. Kxf4 Bf7
47. Kf5 Ke7 48. Rg7 Kf8 49. Rxf7+ Kxf7 50. Kg5 Rxf6 51. exf6
1-0

[Event "European Team Championship"]
[Site "Reykjavik ISL"]
[Date "2015.11.19"]
[EventDate "2015.11.13"]
[Round "6.6"]
[Result "1-0"]
[White "Renier Vazquez Igarza"]
[Black "Michele Godena"]
[WhiteElo "2565"]
[BlackElo "2508"]
[PlyCount "101"]

1. d4 d5 2. c4 dxc4 3. e4 Nc6 4. Nf3 Bg4 5. d5 Ne5 6. Bf4 Ng6
7. Be3 Nf6 8. Nc3 e5 9. Bxc4 Nh4 10. Rg1 a6 11. Be2 Ng6
12. Nd2 Bxe2 13. Qxe2 Bb4 14. Qc4 Bd6 15. h3 O-O 16. Qb3 b5
17. g3 Qd7 18. Rh1 c5 19. Qc2 c4 20. a3 Rac8 21. Kf1 Bc5
22. Bxc5 Rxc5 23. Kg2 Ne8 24. h4 Nd6 25. h5 Ne7 26. h6 g6
27. Nf3 f6 28. Qe2 Rcc8 29. Qe3 Qc7 30. Nd2 Qc5 31. Qe2 a5
32. Rhc1 f5 33. a4 b4 34. Nb5 Nxb5 35. axb5 fxe4 36. Rxc4 Qxd5
37. Rxc8 e3+ 38. f3 Nxc8 39. Ne4 Nd6 40. Nxd6 Qxd6 41. Qxe3
Rd8 42. b6 a4 43. Rc1 a3 44. bxa3 bxa3 45. b7 a2 46. Qb3+ Kf8
47. Qxa2 Qb4 48. Rc8 Ke7 49. Rxd8 Kxd8 50. Qg8+ Ke7 51. Qxh7+
1-0

[Event "European Team Championship"]
[Site "Reykjavik ISL"]
[Date "2015.11.19"]
[EventDate "2015.11.13"]
[Round "6.7"]
[Result "1/2-1/2"]
[White "Robert Markus"]
[Black "Igor Kovalenko"]
[WhiteElo "2632"]
[BlackElo "2694"]
[PlyCount "140"]

1. d4 Nf6 2. c4 g6 3. Nf3 Bg7 4. g3 c6 5. Bg2 d5 6. Qa4 O-O
7. O-O Nfd7 8. Qc2 dxc4 9. Qxc4 e5 10. dxe5 Nxe5 11. Nxe5 Bxe5
12. Nd2 Nd7 13. Qc2 Nb6 14. Rb1 Re8 15. e4 Bg4 16. Nb3 Qe7
17. Nc5 Bd4 18. b4 Rad8 19. a4 Be6 20. a5 Nc4 21. Nb3 Bg7
22. Nc5 Nd6 23. Be3 Nb5 24. Rbd1 Bc8 25. Rxd8 Rxd8 26. Rd1 Nd4
27. Bxd4 Bxd4 28. h3 h5 29. Rd3 b6 30. axb6 axb6 31. Nb3 Be5
32. Rxd8+ Qxd8 33. Nd2 Bd6 34. Qxc6 Bxb4 35. Nc4 Bc5 36. Ne3
Bd7 37. Qd5 Bxe3 38. fxe3 Qc7 39. e5 Be6 40. Qd4 b5 41. g4
hxg4 42. hxg4 Qb8 43. Bd5 Qd8 44. e4 Qc8 45. Kf2 Kh7 46. Kg3
Qd7 47. Qc5 Kg7 48. Bxe6 fxe6 49. Qd6 Qe8 50. g5 Kf7 51. Qb6
Qd7 52. Qf2+ Kg8 53. Qb6 Kg7 54. Kf3 Qd3+ 55. Kf4 Qf1+ 56. Kg3
Qe1+ 57. Kf3 Qh1+ 58. Kg3 Qe1+ 59. Kf3 Qd1+ 60. Kf4 Qd2+
61. Kf3 Qd7 62. Ke3 Kf7 63. Ke2 Ke7 64. Qf2 Qe8 65. Qc5+ Kf7
66. Qf2+ Ke7 67. Qc5+ Kf7 68. Qf2+ Kg8 69. Qf6 b4 70. Kd3 Qb5+
1/2-1/2

[Event "European Team Championship"]
[Site "Reykjavik ISL"]
[Date "2015.11.19"]
[EventDate "2015.11.13"]
[Round "6.7"]
[Result "1-0"]
[White "Arturs Neiksans"]
[Black "Nikola Sedlak"]
[WhiteElo "2602"]
[BlackElo "2557"]
[PlyCount "121"]

1. d4 Nf6 2. c4 g6 3. Nf3 Bg7 4. g3 O-O 5. Bg2 c6 6. O-O d5
7. cxd5 cxd5 8. Ne5 e6 9. Nc3 Bd7 10. Bg5 Qb6 11. Qd2 Bc6
12. Rac1 Nbd7 13. Nxc6 bxc6 14. Na4 Qb5 15. b3 Rfc8 16. Rc2
Bf8 17. Rd1 Ne8 18. h4 h5 19. Bf3 f5 20. Nb2 Nd6 21. Nd3 Nf7
22. Kg2 Bd6 23. Bf4 Bf8 24. Rc3 Bg7 25. e3 Bf8 26. Rdc1 Ba3
27. R1c2 a5 28. Qe2 Bf8 29. Bg5 Nxg5 30. hxg5 Bd6 31. Nf4 Qxe2
32. Bxe2 Bxf4 33. exf4 Nb8 34. Bb5 Ra7 35. Rc5 Rac7 36. Ba4
Kf7 37. Rxa5 Ke7 38. b4 Kd6 39. Kf3 Nd7 40. Ke3 Rb8 41. a3 Nb6
42. Bb3 Ra8 43. Rxa8 Nxa8 44. Kd3 Ra7 45. a4 Nc7 46. Kc3 Ra8
47. Rc1 Rh8 48. Rh1 Kd7 49. Bc2 Kc8 50. Bd3 Kb7 51. Kb3 Kb6
52. a5+ Kb7 53. Ka4 Ka7 54. Rc1 Kb7 55. b5 cxb5+ 56. Bxb5 h4
57. gxh4 Rxh4 58. Rc6 Rh1 59. a6+ Kc8 60. Ka5 Rb1 61. Ba4 1-0

[Event "European Team Championship"]
[Site "Reykjavik ISL"]
[Date "2015.11.19"]
[EventDate "2015.11.13"]
[Round "6.7"]
[Result "0-1"]
[White "Dejan Antic"]
[Black "Toms Kantans"]
[WhiteElo "2483"]
[BlackElo "2514"]
[PlyCount "132"]

1. d4 Nf6 2. c4 c5 3. d5 e6 4. Nc3 exd5 5. cxd5 d6 6. Nf3 g6
7. Nd2 Bg7 8. e4 O-O 9. Be2 Re8 10. O-O Nbd7 11. f4 c4 12. Kh1
Nc5 13. e5 dxe5 14. fxe5 Rxe5 15. Nxc4 Re8 16. Bg5 h6 17. Bh4
Nce4 18. Nxe4 Rxe4 19. Bg3 Qxd5 20. Qxd5 Nxd5 21. Bf3 Rd4
22. Rad1 Nb6 23. Ne5 Rxd1 24. Rxd1 Be6 25. Bxb7 Re8 26. Bc6
Rc8 27. b3 h5 28. h4 f6 29. Nxg6 Kf7 30. Be4 f5 31. Bb7 Kxg6
32. Bxc8 Nxc8 33. Rc1 Bd4 34. Rc6 Kf6 35. Bf4 Nb6 36. Bg5+ Ke5
37. Bh6 Kd5 38. Rc1 Bf2 39. Bg5 Nd7 40. Rc2 Bd4 41. Rd2 Ne5
42. Be3 Nc6 43. Bg1 a6 44. Rc2 Be5 45. Rc5+ Kd6 46. Rc1 Bd5
47. Bh2 Nb4 48. a3 Nd3 49. Rc8 f4 50. Rf8 Ke6 51. b4 Bg7
52. Rg8 Bd4 53. Bg1 Bf6 54. Ba7 Kf7 55. Rb8 Ne1 56. b5 axb5
57. Rxb5 Bxg2+ 58. Kg1 Bc6 59. Rxh5 Kg6 60. Ra5 Nf3+ 61. Kf2
Bxh4+ 62. Ke2 Bf6 63. Bb8 Nd4+ 64. Kf2 Bh4+ 65. Kf1 f3 66. a4
Be4 0-1

[Event "European Team Championship"]
[Site "Reykjavik ISL"]
[Date "2015.11.19"]
[EventDate "2015.11.13"]
[Round "6.8"]
[Result "1-0"]
[White "Grzegorz Gajewski"]
[Black "Tapani Sammalvuo"]
[WhiteElo "2647"]
[BlackElo "2422"]
[PlyCount "163"]

1. Nf3 Nf6 2. g3 d5 3. Bg2 e6 4. d3 b6 5. O-O Bb7 6. Nbd2 Nbd7
7. Re1 Bc5 8. h3 O-O 9. e4 dxe4 10. dxe4 e5 11. b3 Nh5 12. Nc4
f6 13. Nh4 g6 14. Qg4 Ng7 15. Bh6 Rf7 16. Rad1 Qe8 17. Ne3 Nf8
18. Bf1 b5 19. c3 c6 20. a4 a6 21. b4 Be7 22. Qe2 Nfe6 23. Ng4
Kh8 24. Qb2 Bf8 25. Be3 a5 26. Nh6 Rd7 27. axb5 Rxd1 28. Rxd1
cxb5 29. bxa5 Rxa5 30. Bb6 Ra8 31. Bxb5 Bc6 32. Bxc6 Qxc6
33. Qb3 Qb7 34. Qd5 Rb8 35. Ba5 Qa7 36. Bb4 Bxb4 37. cxb4 Qa4
38. Rc1 Qxb4 39. Rc7 Qd4 40. Nf7+ Kg8 41. Nh6+ Kh8 42. Rb7
Rxb7 43. Qxb7 Qc5 44. Ng2 Qf8 45. Ne3 Nc5 46. Nf7+ Kg8
47. Nh6+ Kh8 48. Nf7+ Kg8 49. Ng4 Nf5 50. Qd5 Qxf7 51. Qxc5 h5
52. Qc8+ Kh7 53. exf5 hxg4 54. fxg6+ Qxg6 55. hxg4 Qb1+
56. Kh2 Kg7 57. Qf5 Qc1 58. Kg2 Qc6+ 59. Qf3 Qc1 60. Qe4 Qd2
61. Qb7+ Kg6 62. Qf3 Kg7 63. Qe4 Qc1 64. Qd5 Qg5 65. Qd7+ Kg6
66. Kf3 Qc1 67. Qf5+ Kg7 68. g5 e4+ 69. Qxe4 Qh1+ 70. Kf4
fxg5+ 71. Kf5 Qh7+ 72. Ke5 Qh5 73. Qb7+ Kh6 74. Qc6+ Kh7
75. Qd7+ Kh8 76. Qd8+ Kh7 77. Qe7+ Kh8 78. Kf6 Qh6+ 79. Kf5
Qh5 80. g4 Qh1 81. Qf8+ Kh7 82. Qf7+ 1-0

[Event "European Team Championship"]
[Site "Reykjavik ISL"]
[Date "2015.11.19"]
[EventDate "2015.11.13"]
[Round "6.9"]
[Result "1/2-1/2"]
[White "Emanuel Berg"]
[Black "David Howell"]
[WhiteElo "2575"]
[BlackElo "2693"]
[PlyCount "115"]

1. e4 e5 2. Nf3 Nc6 3. Bc4 Bc5 4. c3 Nf6 5. b4 Bb6 6. d3 d6
7. a4 a5 8. b5 Ne7 9. Bb3 Ng6 10. Na3 c6 11. Nc4 Bc7 12. O-O
O-O 13. Re1 Re8 14. Ne3 d5 15. exd5 cxd5 16. g3 b6 17. d4 Bb7
18. Bb2 Qd7 19. Re2 e4 20. Nd2 h5 21. Qf1 h4 22. c4 dxc4
23. Ndxc4 Nd5 24. Rd1 Qe7 25. Ne5 Rad8 26. Nxd5 Bxd5 27. Bxd5
Rxd5 28. Rxe4 hxg3 29. hxg3 Bxe5 30. dxe5 Nxe5 31. Kg2 Qb7
32. f3 f6 33. Bxe5 Rdxe5 34. Rxe5 fxe5 35. Qc4+ Qf7 36. Rd5
Qe6 37. Qe4 Kf8 38. g4 Kf7 39. Kg3 Kf8 40. Kg2 Kg8 41. Kg3 Qe7
42. Rd1 Qf6 43. Rc1 Rf8 44. Rc4 Qf7 45. g5 Qf5 46. Qxf5 Rxf5
47. Kg4 g6 48. Rc6 Rf4+ 49. Kg3 Kf7 50. Rxb6 Rxa4 51. Rf6+ Kg7
52. Ra6 Kf7 53. Rf6+ Kg7 54. Ra6 Kf7 55. b6 Rb4 56. Rxa5 Ke6
57. Ra8 Rxb6 58. Rf8 1/2-1/2

[Event "European Team Championship"]
[Site "Reykjavik ISL"]
[Date "2015.11.19"]
[EventDate "2015.11.13"]
[Round "6.9"]
[Result "1/2-1/2"]
[White "Luke McShane"]
[Black "Tiger Hillarp Persson"]
[WhiteElo "2687"]
[BlackElo "2539"]
[PlyCount "107"]

1. e4 g6 2. Nc3 Bg7 3. g3 c5 4. Bg2 Nc6 5. d3 d6 6. Be3 e5
7. Nh3 Nge7 8. f4 Nd4 9. O-O Bd7 10. Rf2 f6 11. Qf1 O-O
12. Re1 Qa5 13. a3 Kh8 14. Kh1 Rae8 15. Bc1 Qc7 16. Nd1 Be6
17. Ne3 Qd7 18. b4 b5 19. c3 Nb3 20. f5 gxf5 21. exf5 Bf7
22. Bb2 d5 23. bxc5 Nxc5 24. d4 exd4 25. cxd4 Ne4 26. Rfe2 Nd6
27. g4 h5 28. Bf3 Bh6 29. Qf2 Ng8 30. gxh5 Rxe3 31. Rxe3 Qxf5
32. Qg3 Bxe3 33. Rxe3 Nc4 34. Re2 Nh6 35. Bc1 Rg8 36. Qf2 Qxh3
37. Bxh6 Kh7 38. Bc1 Bxh5 39. Re7+ Rg7 40. Bg2 Qd3 41. Rxg7+
Kxg7 42. Bxd5 Ne5 43. Kg2 Bf3+ 44. Bxf3 Nxf3 45. Qxf3 Qc2+
46. Kg3 Qxc1 47. Qb7+ Kg6 48. Qe4+ Kg7 49. Qe7+ Kg6 50. Qe8+
Kg7 51. Qd7+ Kg6 52. Qe8+ Kg7 53. Qd7+ Kg6 54. Qe8+ 1/2-1/2

[Event "European Team Championship"]
[Site "Reykjavik ISL"]
[Date "2015.11.19"]
[EventDate "2015.11.13"]
[Round "6.10"]
[Result "1-0"]
[White "Constantin Lupulescu"]
[Black "Ioannis Papaioannou"]
[WhiteElo "2631"]
[BlackElo "2638"]
[PlyCount "109"]

1. d4 Nf6 2. c4 e6 3. Nf3 Bb4+ 4. Bd2 Qe7 5. g3 Bxd2+ 6. Qxd2
Nc6 7. b3 d5 8. Bg2 O-O 9. O-O Rd8 10. Qb2 b6 11. Nbd2 Bb7
12. Rac1 Ne4 13. Rfd1 Rab8 14. cxd5 exd5 15. a3 a5 16. e3 Nd6
17. Rc2 Na7 18. Rdc1 c6 19. a4 f6 20. Ne1 Bc8 21. b4 Bf5
22. Rc3 b5 23. bxa5 Nc4 24. Qa2 b4 25. Rb3 Nxa5 26. Rb2 b3
27. Rxb3 Nxb3 28. Nxb3 Qb4 29. Nc5 Qb2 30. Qxb2 Rxb2 31. Ned3
Bxd3 32. Nxd3 Ra2 33. Nc5 Rb8 34. Bf1 Rbb2 35. Nd3 Rb8 36. Nc5
f5 37. Bh3 g6 38. g4 Rbb2 39. Rf1 g5 40. gxf5 h5 41. Bg2 Nc8
42. Nd3 Rb6 43. Ne5 Rxa4 44. Rc1 Rb5 45. f6 Na7 46. Bf1 Rb2
47. Bd3 Raa2 48. Bb1 Ra6 49. Bg6 Rb8 50. Nd7 Ra8 51. Bxh5 Kh7
52. f7 Kh6 53. Rb1 Rd8 54. Rb8 Nc8 55. Bg4 1-0

[Event "European Team Championship"]
[Site "Reykjavik ISL"]
[Date "2015.11.19"]
[EventDate "2015.11.13"]
[Round "6.10"]
[Result "1/2-1/2"]
[White "Bogdan-Daniel Deac"]
[Black "Dimitrios Mastrovasilis"]
[WhiteElo "2440"]
[BlackElo "2615"]
[PlyCount "106"]

1. c4 c6 2. Nf3 d5 3. e3 Bg4 4. Qb3 Qc7 5. d4 e6 6. Nc3 Nd7
7. Bd2 Ngf6 8. Rc1 Qb6 9. h3 Bxf3 10. gxf3 Be7 11. Qxb6 axb6
12. a4 Bb4 13. b3 dxc4 14. Bxc4 Nd5 15. Ne4 Ke7 16. Bxd5 Bxd2+
17. Kxd2 exd5 18. Nc3 Rhd8 19. Rhg1 g6 20. Kd3 Nf8 21. Ne2 Ne6
22. f4 Ra5 23. Nc3 Ng7 24. Rc2 Raa8 25. b4 Ne6 26. Rb1 h6
27. Ra2 g5 28. fxg5 hxg5 29. Ke2 Rh8 30. b5 Rxh3 31. bxc6 bxc6
32. Kd2 Rf3 33. Ke1 g4 34. Rxb6 g3 35. fxg3 Rxe3+ 36. Kd2 Rxg3
37. Rxc6 Kd7 38. Rb6 Nxd4 39. Rb4 Nc6 40. Rb7+ Ke6 41. Rb6
Rg2+ 42. Kd3 Rxa2 43. Nxa2 Kd7 44. Rb5 Rxa4 45. Rxd5+ Ke6
46. Nc3 Rh4 47. Rc5 Ne5+ 48. Ke2 Rh2+ 49. Kf1 Nd3 50. Ra5 f5
51. Nd5 f4 52. Ra3 Kxd5 53. Rxd3+ Ke4 1/2-1/2

[Event "European Team Championship"]
[Site "Reykjavik ISL"]
[Date "2015.11.19"]
[EventDate "2015.11.13"]
[Round "6.11"]
[Result "1-0"]
[White "Viktor Laznicka"]
[Black "Jure Borisek"]
[WhiteElo "2665"]
[BlackElo "2565"]
[PlyCount "97"]

1. d4 Nf6 2. c4 g6 3. Nc3 d5 4. cxd5 Nxd5 5. e4 Nxc3 6. bxc3
Bg7 7. Bc4 c5 8. Ne2 Nc6 9. Be3 O-O 10. O-O Bg4 11. f3 Bd7
12. Rb1 Qc7 13. Qd2 a6 14. Rfc1 b5 15. Bd5 c4 16. a4 e6
17. Bxc6 Bxc6 18. axb5 axb5 19. Bh6 Bxh6 20. Qxh6 Ra2 21. Re1
Rfa8 22. Rbd1 Rc2 23. d5 Bd7 24. dxe6 fxe6 25. Rd2 Raa2
26. Rxc2 Rxc2 27. Qe3 e5 28. Ra1 Qd6 29. h4 Kg7 30. h5 Qd3
31. h6+ Kf7 32. Kf2 Rd2 33. Ra8 g5 34. Ra7 Qxe3+ 35. Kxe3 Rd3+
36. Kf2 Ke7 37. Ng3 Rxc3 38. Nf5+ Kd8 39. Ra8+ Kc7 40. Rh8 Rc1
41. Rxh7 b4 42. Ne3 b3 43. Rg7 b2 44. h7 Rh1 45. Nd5+ Kd6
46. Nc3 Ba4 47. Rg6+ Ke7 48. Rb6 Bb3 49. Rb8 1-0

[Event "European Team Championship"]
[Site "Reykjavik ISL"]
[Date "2015.11.19"]
[EventDate "2015.11.13"]
[Round "6.11"]
[Result "1/2-1/2"]
[White "Vlastimil Babula"]
[Black "Jure Skoberne"]
[WhiteElo "2559"]
[BlackElo "2544"]
[PlyCount "83"]

1. d4 Nf6 2. c4 g6 3. Nc3 Bg7 4. e4 O-O 5. Nf3 c6 6. Be2 d6
7. O-O e5 8. Re1 Na6 9. Bf1 Bg4 10. d5 Nb4 11. Be2 a5 12. Bg5
Na6 13. Nd2 Bd7 14. Nf1 Qb8 15. Ng3 Nc5 16. Rb1 cxd5 17. cxd5
b5 18. b4 axb4 19. Rxb4 Na6 20. Rb1 b4 21. Bxa6 Rxa6 22. Qb3
Rc8 23. Rec1 h6 24. Bd2 Rb6 25. Nce2 h5 26. f3 Be8 27. Rxc8
Qxc8 28. Bxb4 Bh6 29. Nf1 Nd7 30. Qc3 Qa6 31. Rb2 Rb5 32. a3
Nc5 33. Qc4 Qa7 34. Kh1 Rb7 35. Nc3 Rc7 36. Qe2 Na6 37. Ba5
Rc8 38. g3 Bc1 39. Rb1 Bxa3 40. Bb6 Qd7 41. Nb5 Bc5 42. Na7
1/2-1/2

[Event "European Team Championship"]
[Site "Reykjavik ISL"]
[Date "2015.11.19"]
[EventDate "2015.11.13"]
[Round "6.12"]
[Result "1/2-1/2"]
[White "Luka Draskovic"]
[Black "Zdenko Kozul"]
[WhiteElo "2454"]
[BlackElo "2617"]
[PlyCount "126"]

1. e4 c5 2. Nf3 Nc6 3. d4 cxd4 4. Nxd4 Nf6 5. Nc3 d6 6. Bg5 e6
7. Qd2 a6 8. O-O-O Bd7 9. f4 b5 10. Bxf6 gxf6 11. f5 Nxd4
12. Qxd4 Bh6+ 13. Kb1 Bf4 14. fxe6 fxe6 15. Ne2 Be5 16. Qd2
O-O 17. g3 Qc7 18. Nf4 Rae8 19. Bh3 Bc8 20. Rhf1 Kh8 21. Rf3
Qg7 22. Rdf1 Qh6 23. Bg2 Rg8 24. Qf2 f5 25. exf5 exf5 26. Nd3
Bf6 27. h4 Qg7 28. Bh3 Bd4 29. Qd2 Bb7 30. Rxf5 Qxg3 31. Qf4
Be4 32. Qxg3 Rxg3 33. Rf8+ Rxf8 34. Rxf8+ Kg7 35. Rf4 Rxh3
36. Rxe4 Rh1+ 37. Re1 Rxh4 38. c3 Bf6 39. Re6 h5 40. Rxd6 Rh1+
41. Kc2 h4 42. Kd2 Rb1 43. Rd5 Rg1 44. Ke2 Bg5 45. Nf2 Be7
46. Rd7 Kf7 47. Ra7 Rg6 48. b3 Ke8 49. Ra8+ Bd8 50. a4 bxa4
51. bxa4 Kd7 52. Ra7+ Bc7 53. Rb7 Rg2 54. Kf1 Rg6 55. Rb4 Bd8
56. Rd4+ Kc8 57. Rd5 Rb6 58. Rh5 Rf6 59. Ke2 Rf4 60. a5 Ra4
61. Nd3 Rxa5 62. Rxa5 Bxa5 63. Nc5 Bxc3 1/2-1/2

[Event "European Team Championship"]
[Site "Reykjavik ISL"]
[Date "2015.11.19"]
[EventDate "2015.11.13"]
[Round "6.13"]
[Result "1/2-1/2"]
[White "Alexander Ipatov"]
[Black "Sebastian Bogner"]
[WhiteElo "2624"]
[BlackElo "2549"]
[PlyCount "106"]

1. d4 d5 2. c4 c6 3. Nf3 Nf6 4. Nc3 dxc4 5. a4 Bf5 6. e3 e6
7. Bxc4 Bb4 8. O-O O-O 9. Nh4 Nbd7 10. h3 Be4 11. Nxe4 Nxe4
12. Nf3 c5 13. Bd3 Ndf6 14. a5 Rc8 15. Ra4 Bxa5 16. Bxe4 Nxe4
17. Qc2 f5 18. Qb3 Qb6 19. Qa2 Bb4 20. Rxa7 Rfd8 21. Ne5 h6
22. Ra4 Kh7 23. Qb3 Qd6 24. Ra7 Qb6 25. Ra4 Qd6 26. Ra7 b5
27. Qa2 Qd5 28. Rxg7+ Kxg7 29. Qa7+ Rd7 30. Nxd7 Qa8 31. Qxa8
Rxa8 32. Nxc5 Bxc5 33. dxc5 Nxc5 34. Bd2 Ne4 35. Rd1 Nxd2
36. Rxd2 Ra1+ 37. Kh2 Rb1 38. Kg3 Kf6 39. Kf3 h5 40. e4 b4
41. exf5 Kxf5 42. g4+ hxg4+ 43. hxg4+ Kf6 44. Ke3 Kg5 45. f3
b3 46. Kd4 Kf4 47. g5 Kxg5 48. Re2 Kf4 49. Kc3 e5 50. Kxb3 Rf1
51. Re4+ Kf5 52. Re3 Kf4 53. Re4+ Kf5 1/2-1/2